| 000 | 00387 a2200109 4500 | ||
|---|---|---|---|
| 001 | ART_13037 | ||
| 005 | 20260410161817.0 | ||
| 008 | 260409a | ||
| 245 | 1 | 0 | _aReforma legal y derechos económicos y sociales de los niños: las paradojas de la ciudadanía |
| 100 | 1 | _aBeloff, Mary | |
| 773 | 0 |
_tRevista Juridica de Buenos Aires _gDerechos humanos (ene. 2007) _wREV4315 |
|
| 999 |
_c21958 _d21958 |
||